| 000 | 00345nam a2200133Ia 4500 | ||
|---|---|---|---|
| 008 | 240624s9999 xx 000 0 und d | ||
| 041 | _aeng | ||
| 082 | _a153.6 LUS | ||
| 100 | _aLUSTBERG ARCH | ||
| 245 | _aHOW TO SELL YOURSELF USING LEADERSHIP LI | ||
| 260 |
_c2008 _aNew Jersey _bCareer Press |
||
| 300 | _a256 : p. : cm. ; 23 | ||
| 365 |
_c _b30 |
||
| 999 |
_c11092 _d11092 |
||